Library of the University of Algiers 3
Ibrahim Sultan Cheibout
شعار جامعة الجزائر 3
مكتبة جامعة الجزائر 3
إبراهيم سلطان شيبوط

تطور الفكر والأساليب في الإدارة / (رقم التسجيلة. 45644)

تفاصيل مارك
000 -LEADER
fixed length control field 01167nam a2200241Ia 4500
003 - CONTROL NUMBER IDENTIFIER
control field Ost
005 - DATE AND TIME OF LATEST TRANSACTION
control field 20260507075653.0
008 - FIXED-LENGTH DATA ELEMENTS--GENERAL INFORMATION
fixed length control field 260507s9999||||xx |||||||||||||| ||und||
020 ## - INTERNATIONAL STANDARD BOOK NUMBER
International Standard Book Number ×070329957
040 ## - CATALOGING SOURCE
Transcribing agency fsecg
041 ## - LANGUAGE CODE
Language code of text/sound track or separate title ara
082 ## - DEWEY DECIMAL CLASSIFICATION NUMBER
Classification number 658
100 ## - MAIN ENTRY--PERSONAL NAME
Personal name العتيبي، صبحي جبر
Relator term مؤلف
245 #0 - TITLE STATEMENT
Title تطور الفكر والأساليب في الإدارة /
Statement of responsibility, etc. صبحي جبر العتيبي
260 ## - PUBLICATION, DISTRIBUTION, ETC.
Place of publication, distribution, etc. عمان:
Name of publisher, distributor, etc. دار حامد للنشر والتوزيع,
Date of publication, distribution, etc. 2005
300 ## - PHYSICAL DESCRIPTION
Extent 399 صفحة؛
Other physical details إيضاحات ؛
Dimensions 24 سم
504 ## - BIBLIOGRAPHY, ETC. NOTE
Bibliography, etc. note المراجع ص.397
520 ## - SUMMARY, ETC.
Summary, etc. نشأة وتطور مفهوم الإدارة- مدارس الفكر الإداري- العملية الإدارية- أنشطة الوظائف الإدارية- الممارسات السلوكية- إدارة التسويق والمبيعات- نظم المعلومات في الإدارة- الوظيفة المالية- العلاقات العامة- إدارة الموارد البشرية.
653 ## - INDEX TERM--UNCONTROLLED
Uncontrolled term الإدارة- الأساليب
653 ## - INDEX TERM--UNCONTROLLED
Uncontrolled term التنمية الإدارية
653 ## - INDEX TERM--UNCONTROLLED
Uncontrolled term الفكر الإداري
942 ## - ADDED ENTRY ELEMENTS (KOHA)
Koha item type كتب
المقتنيات
Withdrawn status Lost status Source of classification or shelving scheme Damaged status Not for loan Home library Current library Date acquired Serial enumeration / chronology Inventory number Total checkouts Full call number Barcode Date last seen Price effective from Koha item type
    Dewey Decimal Classification   Available مكتبة كلية العلوم الإقتصادية والعلوم التجارية وعلوم التسيير مكتبة كلية العلوم الإقتصادية والعلوم التجارية وعلوم التسيير 07/05/2026 الطابق الثاني 1785/9   أ/1785ن9 1785/9 07/05/2026 07/05/2026 كتب

موارد الويب المفتوحة


© University of Algiers 3 All Rights Reserved
|
Implemented by LECHELAH Riad